000 00581nam a2200205Ia 4500
005 20250923144910.0
008 008 250917s9999 xx 000 0 eng d
037 _aTextual
040 _aDSWL
_beng
_cDSWL
041 _aeng
_2eng
084 _aY12.1, K3
_qDSWL
100 _aGoode, William J.
_9829580
245 0 _aWorld revolution and family patterns
_cby William J. Goode
260 _aGlencoe
_bThe Free Press of
_c1963
300 _axii,432p.
365 _aUSD
_b9.95
925 _g9.95
942 _cTEXL
_hY12.1, K3
999 _c1444749
_d1444749